| 000 | 00673nam a22001817a 4500 | ||
|---|---|---|---|
| 999 |
_c19633 _d19633 |
||
| 008 | 240313b ||||| |||| 00| 0 eng d | ||
| 020 | _a9711030012 | ||
| 082 |
_aDC 612 _bJ15 1982 |
||
| 100 |
_aJacob, Stanley W. _954439 |
||
| 245 |
_aLaboratory manual for structure and function in man / _cStanley W. Jacob, Clarice Ashworth Francone, and Walter J. Lossow. |
||
| 250 | _a15th edition. | ||
| 260 |
_aPhiladelphia : _bW.B Saunders Company, _c©1982. |
||
| 300 |
_axi, 276 pages : _billustrations ; _c25 cm. |
||
| 650 |
_aHuman physiology. _954610 |
||
| 700 |
_aFrancone, Clarice Ashworth. _eauthor. _954440 |
||
| 700 |
_aLossow, Walter J. _eauthor. _954444 |
||
| 942 |
_2ddc _cDC |
||